| 000 | 00963nam a2200229Ia 4500 | ||
|---|---|---|---|
| 008 | 0000002003 it ad 0000000000ita00 | ||
| 090 | _aPSP00 I72i | ||
| 245 | 1 | 0 |
_aIrene López de Castro _b: il fiume della vita |
| 300 |
_a[20] p. _c/ 29 cm. |
||
| 500 | _aExposición realizada en Schola dei Tiraoro e Battioro, Venecia, 2003 \ Proyecto Ganador Programa Apoyos Concertados FGAA 2010 | ||
| 505 | _aOBRAS : Fin de la jornada Lika Luna Claridad Joliba Lunes de mercado La gran duna Salama Dama de rojo Buguré | ||
| 600 | 0 | 0 |
_aLOPEZ DE CASTRO, IRENE, 1967/ _xTRABAJOS PICTORICOS |
| 650 | 1 | 4 | _aARTE CONTEMPORANEO ESPAÑOL |
| 650 | 1 | 4 | _aARTISTAS PLASTICOS ESPAÑOLES EXPOSIONES |
| 650 | 1 | 4 | _xCATALOGOS |
| 650 | 1 | 4 | _xEXPOSICIONES |
| 650 | 1 | 4 | _aPINTORES ESPAÑOLES |
| 650 | 1 | 4 | _aPINTURA (TECNICA MIXTA) |
| 650 | 1 | 4 | _aPINTURA ESPAÑOLA |
| 650 | 1 | 4 | _aPINTURA SOBRE TELA |
| 999 |
_c12757 _d12757 |
||
| 260 |
_aSan Miniato : Casa D ́Arte San Lorenzo _c2003 |
||